Normal view
MARC view
- الاجتهاد- الاسلام
Entry Topical Term
001 - CONTROL NUMBER
- control field: 34707
003 - CONTROL NUMBER IDENTIFIER
- control field: JO-AjAnu
005 - DATE AND TIME OF LATEST TRANSACTION
- control field: 20230606075818.0
008 - FIXED-LENGTH DATA ELEMENTS
- fixed length control field: 230606|| aca||aabn | a|a d
040 ## - CATALOGING SOURCE
- Original cataloging agency: JO-AjAnu
- Transcribing agency: JO-AjAnu
150 ## - HEADING--TOPICAL TERM
- Topical term or geographic name entry element: الاجتهاد- الاسلام
670 ## - SOURCE DATA FOUND
- Source citation: Work cat.: (JO-AjAnu)17825: النورسي،سعيد ، ترجمة: احسان قاسم الصالحي ، اخراج الاحاديث: فلاح عبد الرحمن عبد الله, author 34706, الإجتهاد في العصر الحاضر